| 000 | 00873cam a2200289I 4500 | ||
|---|---|---|---|
| 001 | 45066 | ||
| 003 | BD-RJUL | ||
| 005 | 20211209053946.0 | ||
| 008 | 160723s1959 nju 000 0 eng | ||
| 035 |
_aMITb10894842 _aBD-RJUL 45184 |
||
| 035 | _a(OCoLC)00295151 | ||
| 040 |
_aDLC _cCSU _dOCL _dUKM _dMYG _dBD-RJUL _beng |
||
| 041 | _aeng | ||
| 082 |
_a330.15 _bCHR 1959 |
||
| 100 | 1 |
_aChamberlain, John, _d1903-1995. _9138052 |
|
| 245 | 1 | 4 |
_aThe roots of capitalism / _cJohn Chamberlain |
| 260 |
_aPrinceton, N.J. : _bVan Nostrand, _c[1959] |
||
| 300 |
_a222 p. ; _c24 cm. |
||
| 490 | 1 | _aThe Library of American capitalism | |
| 650 | 0 |
_aCapitalism. _9138053 |
|
| 650 | 0 |
_aIndustries _zUnited States. _9116910 |
|
| 830 | 0 |
_aLibrary of American capitalism. _9138056 |
|
| 942 |
_2ddc _cBK |
||
| 946 | _at | ||
| 949 |
_ac _p39080020355837 |
||
| 999 |
_c45066 _d45066 |
||